JEAN MAIRET, Théâtre complet. Édition critique sous la direction de GEORGES FORESTIER. T. II : Chryséide et Arimand, La Sylvie, La Silvanire ou La Morte-vive. Textes établis et commentés par PERRY GETHNER, JEAN-PIERRE VAN ELSLANDE, FRANÇOISE LAVOCAT. Paris, Honoré Champion, 2008 (Sources classiques, 91). Un vol. 22,5 × 15 de 629 p. (notice n° 1654663)
[ vue normale ]
| 000 -LEADER | |
|---|---|
| fixed length control field | 00811cam a2200145 4500500 |
| 005 - DATE AND TIME OF LATEST TRANSACTION | |
| control field | 20260208005958.0 |
| 041 ## - LANGUAGE CODE | |
| Language code of text/sound track or separate title | fre |
| 042 ## - AUTHENTICATION CODE | |
| Authentication code | dc |
| 100 10 - MAIN ENTRY--PERSONAL NAME | |
| Personal name | Mazouer, Charles |
| Relator term | author |
| 245 00 - TITLE STATEMENT | |
| Title | JEAN MAIRET, Théâtre complet. Édition critique sous la direction de GEORGES FORESTIER. T. II : Chryséide et Arimand, La Sylvie, La Silvanire ou La Morte-vive. Textes établis et commentés par PERRY GETHNER, JEAN-PIERRE VAN ELSLANDE, FRANÇOISE LAVOCAT. Paris, Honoré Champion, 2008 (Sources classiques, 91). Un vol. 22,5 × 15 de 629 p. |
| 260 ## - PUBLICATION, DISTRIBUTION, ETC. | |
| Date of publication, distribution, etc. | 2010.<br/> |
| 500 ## - GENERAL NOTE | |
| General note | 3 |
| 786 0# - DATA SOURCE ENTRY | |
| Note | Revue d'histoire littéraire de la France | 109 | 4 | 2010-01-06 | p. 937e-944e | 0035-2411 |
| 856 41 - ELECTRONIC LOCATION AND ACCESS | |
| Uniform Resource Identifier | <a href="https://shs.cairn.info/revue-d-histoire-litteraire-de-la-france-2009-4-page-937e?lang=fr&redirect-ssocas=7080">https://shs.cairn.info/revue-d-histoire-litteraire-de-la-france-2009-4-page-937e?lang=fr&redirect-ssocas=7080</a> |
Pas d'exemplaire disponible.




Réseaux sociaux